End of millennium /
Պահպանված է:
| Հիմնական հեղինակ: | |
|---|---|
| Ձևաչափ: | Անհայտ |
| Լեզու: | English |
| Հրապարակվել է: |
Oxford ; Malden, MA :
Blackwell Publishers,
2000.
|
| Հրատարակություն: | 2 edición |
| Խորագրեր: | |
| Ցուցիչներ: |
Ավելացրեք ցուցիչ
Չկան պիտակներ, Եղեք առաջինը, ով նշում է այս գրառումը!
|
MARC
| LEADER | 000000000a22000000004500 | ||
|---|---|---|---|
| 001 | 014255 | ||
| 020 | |a 0631221395 | ||
| 041 | 0 | |a eng | |
| 082 | 0 | 4 | |a 306.09 |b C348m |
| 100 | 1 | |a Castells, Manuel, |d 1942- | |
| 245 | 1 | 0 | |a End of millennium / |c Manuel Castells. |
| 250 | |a 2 edición | ||
| 260 | 1 | |a Oxford ; Malden, MA : |b Blackwell Publishers, |c 2000. | |
| 300 | |a 448 páginas : |b ilustraciones ; |c 23 cm. | ||
| 650 | 4 | |a HISTORIA SOCIAL | |
| 650 | 4 | |a HISTORIA ECONOMICA | |
| 650 | 4 | |a TECNOLOGIA Y CIVILIZACION | |
| 650 | 4 | |a SOCIEDAD DE LA INFORMACION | |
| 650 | 4 | |a ASPECTOS SOCIALES | |
| 650 | 4 | |a ASPECTOS POLITICOS | |
| 500 | |a Colección George Yúdice | ||
| 999 | |c 20149 |d 20149 | ||
| 942 | |c BK |h 306.09 C348m |2 z | ||



